000 01042cam a22003017i 4500
999 _c399
_d399
001 18056400
003 OSt
005 20190809101712.0
008 140305s2013 quc 001 0 eng
010 _a 2013496271
020 _a9781550653670 (pbk.)
035 _a(OCoLC)ocn858117474
040 _aNLC
_beng
_cNLC
_erda
_dOCLCO
_dYDXCP
_dDLC
042 _alccopycat
082 0 4 _a821.920 GLO
_223
245 0 0 _aGlobal poetry anthology :
_bMontreal International Poetry Prize, 2013 /
_cedited by Mary Dalton, Sean O'Brien, Chase Twichell, Niyi Osundare ... [et al.].
264 1 _aMontreal :
_bSignal Editions,
_c2013.
300 _a108 pages ;
_c22 cm
336 _atext
_btxt
_2rdacontent
337 _aunmediated
_bn
_2rdamedia
338 _avolume
_bnc
_2rdacarrier
500 _aIncludes index.
650 0 _aEnglish poetry
_y21st century.
700 1 _aDalton, Mary,
_eeditor of compilation.
906 _a7
_bcbc
_ccopycat
_d3
_encip
_f20
_gy-gencatlg
942 _2ddc
_cNFIC